01009nam a2200205Ia 4500008004100000020001800041050001900059100002300078245013300101250001000234260003100244300002800275500006500303650003100368700007500399952010800474952009600582952010800678999001700786120721s9999 xx 000 0 und d a84-205-4003-X aQ335 R949 2004 aRussell, Stuart J. aInteligencia artificial : un enfoque moderno / Stuart J. Russell, Peter Narvig ; tr. Juan Manuel Carchado Rodríguez...[et al.] a2a ed aMéxico : Porrúa, c2004 axviii, 1212 p. ; 25 cm. aTraducción de: Artificial intelligence : a modern approach a1. Inteligencia artificial aI. Norvig, Peter, coaut. II. Corchado Rodríguez, Juan Manuel, tr.Ì 00104070a08b08d2009-01-21l6oQ335 R949 2004p08 002668r2018-12-05s2018-12-05t1w2012-07-20yLB 00104070a08b08d2009-03-30l0oQ335 R949 2004p08 002669r2012-07-20t2w2012-07-20yLB 00104070a08b08d2009-03-30l1oQ335 R949 2004p08 002670r2013-06-12s2013-06-12t3w2012-07-20yLB c82279d82279